000
00207nam a22000857a 4500
008
170113b xxu||||| |||| 00| 0 eng d
100
_9
2408
_a
Purang.Y.P.
245
_a
Science-CCE-X
260
_a
New Delhi
_b
APC
_c
2010
999
_c
5441
_d
5441